Mathematical Statistics with applications/ (Record no. 206890)
[ view plain ]
| 000 -LEADER | |
|---|---|
| fixed length control field | 00719nam a22002057a 4500 |
| 005 - DATE AND TIME OF LATEST TRANSACTION | |
| control field | 20241104154658.0 |
| 010 ## - LCCN (DPL NO) | |
| LC control number | ENG-142490 |
| 020 ## - INTERNATIONAL STANDARD BOOK NUMBER | |
| International Standard Book Number | 9789332519053 |
| Terms of availability | 949.00 |
| 035 ## - SYSTEM CONTROL NUMBER | |
| System control number | EN-126022 |
| 100 ## - MAIN ENTRY--PERSONAL NAME | |
| Personal name | Miller, Irwin |
| 245 ## - TITLE STATEMENT | |
| Title | Mathematical Statistics with applications/ |
| Statement of responsibility, etc | by Irwin Miller [and] Marylees Miller |
| 250 ## - EDITION STATEMENT | |
| Edition statement | 8th Edition |
| 260 ## - PUBLICATION, DISTRIBUTION, ETC. (IMPRINT) | |
| Place of publication, distribution, etc | Utter pradesh (Noida) |
| Name of publisher, distributor, etc | Pearson |
| Date of publication, distribution, etc | 2017 |
| 270 ## - ADDRESS | |
| Address | A-8(A),sector-62 |
| City | Utter pradesh (Noida) |
| Postal code | 201309 |
| 300 ## - PHYSICAL DESCRIPTION | |
| Extent | 472p. |
| Other physical details | ill |
| Dimensions | 25 c.m.(pbk)ill |
| 490 ## - SERIES STATEMENT | |
| Series statement | John E. Freund's |
| 500 ## - GENERAL NOTE | |
| General note | Statistical Tables,Index |
| 700 ## - ADDED ENTRY--PERSONAL NAME | |
| Personal name | Miller, Marylees |
| 9 (RLIN) | 73692 |
| 942 ## - ADDED ENTRY ELEMENTS (KOHA) | |
| Source of classification or shelving scheme | Dewey Decimal Classification |
| Item type | English Books |
| Edition | 8th Edition |
| Classification part | 519.5 |
| Call number suffix | MIL |
| Withdrawn status | Lost status | Not for loan | Collection code | Home library | Current library | Date acquired | Source of acquisition | Cost, normal purchase price | Full call number | Barcode | Copy number | Cost, replacement price | Koha item type |
|---|---|---|---|---|---|---|---|---|---|---|---|---|---|
| Non-fiction | Bawana | Bawana | 04/11/2024 | DBAD | 949.00 | 519.5 MIL | EN-126022 | 1 | 949.00 | English Books |
